000 00515nam a22001937a 4500
003 LK-CoMWRAF
005 20231230124512.0
008 231122b |||||||| |||| 00| 0 eng d
020 _a9780333913871
040 _aLK-CoMWRAF
_dLK-CoMWRAF
_eLK-CoMWRAF
041 _aeng
082 _a428
_bTAR
245 _aThe Songs :
_bThe letters sing : A preparatory primer
260 _aIndia :
_bMacmillan,
_c2007
300 _a32p
650 _aEnglish for children
700 _aTarrant, Margaret W.
_eills.
942 _cBK
999 _c4219
_d4219